Logo BPK

Biblioteka

Politechniki Koszalińskiej

Zabezpieczenie budowli przed wilgocią, wodą gruntową i korozją / (Rekord nr 2314)

Szczegóły MARC
000 -ETYKIETA REKORDU
podpole kontrolne o stałej długości 01400nam a2200421 i 4500
001 - NUMER KONTROLNY REKORDU
pole kontrolne 2314
003 - IDENTYFIKATOR NUMERU KONTROLNEGO REKORDU
podpole kontrolne KOSZ 005
005 - DATA OSTATNIEJ MODYFIKACJI REKORDU
podpole kontrolne 20190919103557.0
008 - POLE O STAŁEJ DŁUGOŚCI - DANE KONTROLNE
podpole kontrolne o stałej długości 990506s1984 pl f |000 0 pol
015 ## - NUMER BIBLIOGRAFII NARODOWEJ
Numer bibliografii narodowej PB 1984/4800
020 ## - MIĘDZYNARODOWY ZNORMALIZOWANY NUMER KSIĄŻKI - ISBN
ISBN 8321331890
035 ## - NUMER SYSTEMOWY
Numer systemowy przejętego rekordu 991009690339705066
035 ## - NUMER SYSTEMOWY
Numer systemowy przejętego rekordu (PL-WaBN)b1261905x-48omnis_nlop
035 ## - NUMER SYSTEMOWY
Numer systemowy przejętego rekordu b1261905x
035 ## - NUMER SYSTEMOWY
Numer systemowy przejętego rekordu (OCoLC)830242506
035 ## - NUMER SYSTEMOWY
Numer systemowy przejętego rekordu (PL)b0000001261905
035 ## - NUMER SYSTEMOWY
Numer systemowy przejętego rekordu (EXLNZ-48OMNIS_NETWORK)9910118778405606
040 ## - ŹRÓDŁO KATALOGOWANIA
Instytucja, która sporządziła opis WA N
Instytucja, która utworzyła rekord WA N
Instytucja, która dokonała modyfikacji KOSZ 005/EC
041 0# - KOD JĘZYKA
Kod języka tekstu pol
046 ## - DATY KODOWANE
Pojedyncza data lub początek okresu powstania dzieła lub zbioru dzieł 1959
080 ## - UNIWERSALNA KLASYFIKACJA DZIESIĘTNA - UKD
UKD 699.8
100 1# - NAZWA OSOBOWA
Nazwa osobowa Stankiewicz, Henryk
Daty związane z nazwą (1904-1977).
Określenie rodzaju współpracy Autor
245 10 - TYTUŁ/ODPOWIEDZIALNOŚĆ
Tytuł Zabezpieczenie budowli przed wilgocią, wodą gruntową i korozją /
Pozostałe elementy strefy tytułu i oznaczenia odpowiedzialności Henryk Stankiewicz ; zmiany, uzup. i popr. oraz przygot. do dr. Bolesław Januszaniec.
260 ## - STREFA ADRESU WYDAWNICZEGO
Miejsce wydania Warszawa :
Nazwa wydawcy/dystrybutora "Arkady",
Data publikacji, dystrybucji/powstania dokumentu 1984
Miejsce produkcji (Pozn :
Nazwa producenta PZGMK).
300 ## - STREFA OPISU FIZYCZNEGO
Objętość 382, [1] s. ;
Rozmiary 25 cm.
380 ## - FORMA I TYP PUBLIKACJI
Forma i typ publikacji Książki
388 ## - CZAS POWSTANIA
Czas powstania 1901-2000
388 ## - CZAS POWSTANIA
Czas powstania 1945-1989
658 #4 - TERMIN INDEKSOWY - PRZEDMIOT PROGRAMU NAUCZANIA
Główny przedmiot programu nauczania Architektura i budownictwo
650 #4 - HASŁO PRZEDMIOTOWE W FORMIE NAZWY OGÓLNEJ LUB JEDNOSTKOWEJ
Nazwa ogólna lub geograficzna Budownictwo
650 #4 - HASŁO PRZEDMIOTOWE W FORMIE NAZWY OGÓLNEJ LUB JEDNOSTKOWEJ
Nazwa ogólna lub geograficzna Ochrona i konserwacja
650 #4 - HASŁO PRZEDMIOTOWE W FORMIE NAZWY OGÓLNEJ LUB JEDNOSTKOWEJ
Nazwa ogólna lub geograficzna Metody
700 1# - HASŁO DODATKOWE - NAZWA OSOBOWA
Nazwa osobowa Januszaniec, Bolesław.
Określenie związku między hasłem a opisywanym materiałem Opracowanie
710 2# - HASŁO DODATKOWE - NAZWA CIAŁA ZBIOROWEGO
Nazwa ciała zbiorowego lub jednostki geograficznej Wydawnictwo "Arkady".
Kod określenia powiązania pbl.
856 ## - LOKALIZACJA I DOSTĘP DO ELEKTRONICZNYCH DOKUMENTÓW ZDALNYCH
Link (URL) http://koha.tu.koszalin.pl/cgi-bin/koha/opac-detail.pl?biblionumber=2314
Tekst linku Katalog online BPK
942 ## - DODATKOWE ELEMENTY (KOHA)
Schemat klasyfikacji Uniwersalna Klasyfikacja Dziesiętna
Typ dokumentu Książka
Egzemplarze
Wycofany Status egzemplarza Uszkodzony Dostępność Lokalizacja stała Lokalizacja bieżąca Numer ubytku Sygnatura Kod kreskowy Typ dokumentu Miejsce przechowywania Dział Ostatnio wypożyczono
  Egz. niedostępny   Niedostępny Biblioteka Politechniki Koszalińskiej Biblioteka Politechniki Koszalińskiej p18125 P 33927 P 33927 Książka      
      Dostępny Biblioteka Politechniki Koszalińskiej Biblioteka Politechniki Koszalińskiej   P 33929 01990027 Książka Wypożyczalnia BG   14.10.2016
      Tylko na miejscu Biblioteka Politechniki Koszalińskiej Biblioteka Politechniki Koszalińskiej   P 33930 01986341 Książka Czytelnia BG 699.8 Ochrona i izolacja budynków  
      Tylko na miejscu Czytelnia Wydziału Elektroniki i Informatyki, Wydziału Architektury i Wzornictwa, Wydziału Inżynierii Mechanicznej i Energetyki oraz Wydziału Inżynierii Lądowej, Środowiska i Geodezji Czytelnia Wydziału Elektroniki i Informatyki, Wydziału Architektury i Wzornictwa, Wydziału Inżynierii Mechanicznej i Energetyki oraz Wydziału Inżynierii Lądowej, Środowiska i Geodezji   P 33928 01990010 Książka Czytelnia Wydziałowa ul. Śniadeckich 2 699.8 Ochrona budynków. Izolacja budynków  
© 2023 Biblioteka Politechniki Koszalińskiej :: KOHA